| 000 | 00460cam a2200157ua 4500 | ||
|---|---|---|---|
| 041 |
_aeng _h |
||
| 082 |
_a028.75011 _bTOM/AN |
||
| 100 | _aTomar, S.S . | ||
| 245 |
_aAnnotated bibliography of testing of I.C engine with alcohol fuels / _cS.S.Tomar. _hTextual Documents |
||
| 260 |
_aBhopal : _bCentral Institute of Agricultural Engineering , _c1982. |
||
| 300 | _a71 ; . | ||
| 504 | _a | ||
| 700 | 1 | _aMaheshwari, R.C . | |
| 942 | _cBK | ||
| 999 |
_c8872 _d8872 |
||